New trendsc in Islamization of contemporary human knowledge: An Analysis
محفوظ في:
| المؤلف الرئيسي: | |
|---|---|
| التنسيق: | كتاب |
| الوسوم: |
إضافة وسم
لا توجد وسوم, كن أول من يضع وسما على هذه التسجيلة!
|
| LEADER | 00673nam a2200121 4500 | ||
|---|---|---|---|
| 040 | |a Lcc | ||
| 100 | |9 576662 |a Farooq, Shabnam | ||
| 245 | |a New trendsc in Islamization of contemporary human knowledge: An Analysis | ||
| 264 | |a Gombak, Selangor |b Abdul Hamid Abu Sulayman Kulliyyah of Islamic Revealed Knowledge and Human Sciences International Islamic University Malaysia |c 2022 | ||
| 942 | |2 lcc | ||
| 999 | |c 517221 |d 548638 | ||
| 952 | |0 0 |1 0 |2 lcc |4 0 |7 5 |8 IIUMTHESIS |9 1017642 |a IIUM |b IIUM |c THESIS |d 2023-07-13 |e MGIFT |p 11100484156 |r 2023-07-13 |w 2023-07-13 |y THESIS | ||
| 952 | |0 0 |1 0 |2 lcc |4 0 |7 5 |8 THESISSOFTCOPY |9 1017644 |a IIUM |b IIUM |c THESIS |d 2023-07-13 |e MGIFT |p 11100484157 |r 2023-07-13 |w 2023-07-13 |y THESISDIG | ||
